000 00822nas a2200277 4500
001 BR9903308
003 BR-BrBNA
005 20231205101458.0
007 ta
008 230509b bl.|||p| |||| 00| 00por d
040 _aBR-BrBNA
_bpor
_cBiblioteca Nacional de Agricultura
041 _a(Pt)
072 _aQ02
100 1 _aJorge, N.
100 1 _aGoncalves, L.A.G.
245 1 _aComportamento do oleo de girassol com alto teor de acido oleico em termoxidacao e fritura
650 _aGirassol
650 _aSemente
650 _aOleo
650 _aAcido Linoleico
650 _aFritura
650 _aTrigliceridio
773 0 _tCiencia e Tecnologia de Alimentos (Brazil)
_xISSN 0101-2061
_g(Aug-Oct 1998), v. 18(3) p. 335-342
_wBR9903308
909 _a202311
_bLúcia
_c55
_dLúcia Elande
942 _2AGRIS
_n0
_cANA
999 _c162108
_d162108